000 00622nam a2200253Ia 4500
008 210210b2018 xxu||||| |||| 00| 0 eng d
020 _a9789352830428
041 _aeng
082 _a540 MADC
100 _aMADAN (R L)
245 _aChemistry for degree students: theory laboratory work molecules of life
260 _aNew Delhi
_bS. Chand & Co. Ltd.
_c2018
300 _axii,188
650 _awork
650 _astudents:theory
650 _amolecules
650 _alife
650 _alaboratory
650 _afor
650 _adegree
650 _aChemistry
690 _aChemistry
906 _a072879
999 _c122661
_d122661